00873nam a22002055a 450000500170000000800410001701000140005802000270007203500130009903700150011204000180012708200130014524501930015826000560035127000410040730000280044894200270047699900170050395201470052020090720113223.0081124s2009 ii bf 001 0 eng  aENG-94482 a9788190568562c2275.00 aEN-78015 bDBAD / PUB adplbEnglish  a665.0212 aSelected formulary book on petroleum, lubricants, fats, polishes, glass, ceramics, nitrogenous fertilizers, emulsions, leather and insecticides /cby NPCS Board of Consultants & Engineers  aDelhi bNIIR Project Consultancy Services c(200?)  a106-E, Kamla Nagar, bDelhi e110007 axviii, 766p. c24cm(Hb) 2ddccENmSELh665.0212 c28441d28441 00102ddc40718NFICaDBADbDBADd2009-07-20eDBAD / PUBg2275.00l0o665.0212 SELpEN-78015r2009-07-20 00:00:00t1v2275.00w2009-07-20yEN